| 000 | 01201nam a2200289 i 4500 | ||
|---|---|---|---|
| 001 | bg | ||
| 003 | KOSZ 005 | ||
| 005 | 20200212103048.0 | ||
| 008 | 950707s1992 pl f f f |000 0 pol d | ||
| 040 |
_cKOSZ 005/HR _aKOSZ 005/HR _dKOSZ 005/HR |
||
| 080 | _a004.438 | ||
| 080 | _a(075.8) | ||
| 100 | 1 |
_aKacalak, Wojciech _d(1945- ) _eAutor |
|
| 245 | 0 |
_aMateriały pomocnicze do inżynierskich zastosowań Turbo C, Turbo C++, Borland C++. / _cW. Kacalak. |
|
| 260 |
_aKoszalin ; _bWSI, _c1992. |
||
| 336 |
_2rdacontent _aTekst _btxt |
||
| 337 |
_2rdamedia _aBez urządzenia pośredniczącego _bn |
||
| 338 |
_2rdacarrier _aWolumin _bnc |
||
| 380 | _aKsiążki | ||
| 658 | _aInformayyka i technologie informacyjne | ||
| 655 | 4 | _aMateriały pomocnicze dla szkół wyższych | |
| 650 | 4 | _aC (język programowania) | |
| 710 | 2 |
_aWydawnictwo Uczelniane (Wyższa Szkoła Inżynierska ; Koszalin) _bWydawnictwo Uczelniane. |
|
| 856 |
_uhttp://koha.tu.koszalin.pl/cgi-bin/koha/opac-detail.pl?biblionumber=4728 _yKatalog online BPK |
||
| 856 |
_uhttp://dlibra.tu.koszalin.pl/dlibra/docmetadata?id=963&from=&dirids=1&ver_id=&lp=1&QI= _yBiblioteka Cyfrowa |
||
| 942 |
_cKS _2UKD |
||
| 999 |
_c4728 _d4728 |
||